000 00363nam a2200145Ia 4500
008 240624s9999 xx 000 0 und d
041 _aeng
082 _a355.00958 SAN
100 _aSANTHANAM K
245 _aEURASIAN SECURITY MATTERS
250 _a11
260 _c2010
_aNew Delhi
_bAllied Publishers
300 _axx, : 159 : p. : cm. ; 24
365 _cRS
_b40
999 _c17884
_d17884